La AID en Guatemala. Poder y sector empresarial /
Guardado en:
| Autor principal: | |
|---|---|
| Otros Autores: | |
| Formato: | Libro |
| Lenguaje: | Spanish |
| Publicado: |
Managua, Nicaragua
CRIES ; AVANCSO
1992
|
| Materias: | |
| Etiquetas: |
Agregar Etiqueta
Sin Etiquetas, Sea el primero en etiquetar este registro!
|
MARC
| LEADER | 00000nam a22000007a 4500 | ||
|---|---|---|---|
| 003 | cru CIDCACS/IIS | ||
| 005 | 20180511170631.0 | ||
| 008 | 180511b1992 nq d|||||||||||0||||spa|| | ||
| 999 | |c 41401 |d 41401 | ||
| 040 | |c cru CIDCACS/IIS | ||
| 090 | |a 00.00.00 Exxa | ||
| 100 | 1 | |9 7183 |a Escoto, Jorge |e Autor | |
| 245 | 1 | 3 | |a La AID en Guatemala. |b Poder y sector empresarial / |c Jorge Escoto y Manfredo Marroquín |
| 260 | |a Managua, Nicaragua |b CRIES ; |b AVANCSO |c 1992 | ||
| 300 | |a 166 páginas | ||
| 500 | |a Colección Alforja | ||
| 650 | 1 | 0 | |9 933 |a AID |
| 650 | 1 | 0 | |9 1026 |a PODER |
| 650 | 1 | 0 | |9 140 |a EMPRESAS PRIVADAS |
| 650 | 4 | |9 3250 |a MERCADO | |
| 650 | 0 | |9 5225 |a NEGOCIACIONES COMERCIALES | |
| 651 | 1 | 0 | |9 142 |a GUATEMALA |
| 651 | 1 | 0 | |9 245 |a ESTADOS UNIDOS |
| 700 | 1 | |9 7184 |a Marroquín, Manfredo |e Coautor | |
| 942 | |2 ddc |c LI | ||
